Managerial accounting (Record no. 1260811)

MARC details
000 -LEADER
fixed length control field 00520nam a2200193Ia 4500
005 - DATE AND TIME OF LATEST TRANSACTION
control field 20250317125741.0
008 - FIXED-LENGTH DATA ELEMENTS--GENERAL INFORMATION
fixed length control field 008 250317s9999 xx 000 0 eng d
040 ## - CATALOGING SOURCE
Original cataloging agency FMSL
Language of cataloging eng
Transcribing agency FMSL
041 ## - LANGUAGE CODE
Language code of text/sound track or separate title eng
Source of code eng
084 ## - COLON CLASSIFICATION NUMBER
Classification number X:8F
Assigning agency FMSL
100 ## - MAIN ENTRY--PERSONAL NAME
Personal name More GL
9 (RLIN) 744683
245 #0 - TITLE STATEMENT
Title Managerial accounting
250 ## - EDITION STATEMENT
Edition statement 2nd
260 ## - PUBLICATION, DISTRIBUTION, ETC.
Place of publication, distribution, etc. New York
Name of publisher, distributor, etc. New York, South Western Pub. co.
Date of publication, distribution, etc. 1967
300 ## - PHYSICAL DESCRIPTION
Extent 722p
942 ## - ADDED ENTRY ELEMENTS (KOHA)
Koha item type Textbook
Classification part X:8F

No items available.

Copyright @ Delhi University Library System